Culturzustände des deutschen Volkes : (Rekord nr 27767)
| 000 -Nagłówek | |
|---|---|
| fixed length control field | 01750nam a2200433 i 4500 |
| 001 - Nr kontrolny bibl., która utworzyła rek. | |
| control field | xx005921874 |
| 003 - Siglum bibl., której nr kontr. jest w 001 | |
| control field | NUKAT |
| 005 - Data i czas ostatniej operacji | |
| control field | 20260425164321.0 |
| 008 - Elementy pola stałej długości | |
| fixed length control field | 260422s1894 gw |001 0 ger c |
| 035 ## - Systemowy numer kontrolny | |
| systemowy numer kontrolny | (NUKAT)xx005921874 |
| 040 ## - Instytucja sporządzająca opis | |
| Instytucja, która sporządziła opis | KR 283/JW |
| język katalgowania-trzyzn. kod | pol |
| zasady opisu | rda |
| Instytucja, która sporządziła rekord | KR 283/JW |
| 045 2# - Okres czasu dla zawartości | |
| czas między r. 9999 pne a nasz. czas. | d1501 |
| -- | d1618 |
| 046 ## - Kod rodz. daty, data1, data2 (daty pne) | |
| Begin/single date | 188X |
| End date | 1894 |
| Date source | edtf |
| 100 1# - Hasło główne-nazwa osobowa | |
| Nazwa osobowa | Janssen, Johannes |
| Daty biograficzne | (1829-1891). |
| rodzaj współpracy | Autor |
| 9 (RLIN) | 40327 |
| 245 10 - Tytuł właściwy i oznaczenie odpow. | |
| tytuł | Culturzustände des deutschen Volkes : |
| dodatek do tytułu | seit dem Ausgang des Mittelalters bis zum Beginn des Dreißigjährigen Krieges. |
| numer części/sekcji pracy | B. 4 / |
| dod. inf. ze s. tyt./ozn. odpow. | von Johannes Janssen ; ergänzt und herausgegeben von Ludwig Pastor. |
| 250 ## - Oznaczenie wydania | |
| oznaczenie wydania | Erste bis zwölfte Auflage. |
| 260 ## - Adres wydawniczy | |
| miejsce wydania, dystrybucji itp. | Freiburg im Breisgau : |
| nazwa wydawcy, dystrybutora itp. | Herder'sche Verlagshandlung, |
| data wydania, dystrybucji itp. | 1894. |
| 300 ## - Opis fizyczny | |
| objętość i/lub forma materiału | LV, [1], 719 stron ; |
| format | 23 cm. |
| 336 ## - Content Type | |
| Term | Tekst |
| Code | txt |
| Source | rdacontent |
| 337 ## - Media Type | |
| Term | Bez urządzenia pośredniczącego |
| Code | n |
| Source | rdamedia |
| 338 ## - Carrier Type | |
| Term | Wolumin |
| Code | nc |
| Source | rdacarrier |
| 380 ## - Form of work | |
| Form of work | Książki |
| 380 ## - Form of work | |
| Form of work | Publikacje naukowe |
| 388 1# - TIME PERIOD OF CREATION | |
| Time period of creation term | 1801-1900 |
| 490 1# - Tytuł serii i ks. wielotom.-nie do wysz. | |
| oznaczenie serii | Geschichte des deutschen Volkes seit dem Ausgang des Mittelalters / von Johannes Janssen ; |
| numer woluminu | Bd. 8 |
| 500 ## - Uwaga ogólna | |
| uwaga ogólna | Czcionka gotycka. |
| 504 ## - Uwaga o bibliografii | |
| uwaga o bibliografii | Bibliografia na stronach XXVII-LV. Indeksy. |
| 648 #7 - SUBJECT ADDED ENTRY--CHRONOLOGICAL TERM | |
| Chronological term | 1501-1600 |
| Source of heading or term | DBN |
| 9 (RLIN) | 36032 |
| 648 #7 - SUBJECT ADDED ENTRY--CHRONOLOGICAL TERM | |
| Chronological term | 1601-1700 |
| Source of heading or term | DBN |
| 9 (RLIN) | 36034 |
| 650 #2 - Hasło przedmiotowe-nazwa pospolita | |
| nazwa pospolita lub geogr. | Kultura |
| 9 (RLIN) | 38072 |
| 651 #7 - Hasło przedmiotowe-nazwa geogr. | |
| nazwa geograficzna | Niemcy |
| źródło hasła | DBN |
| 9 (RLIN) | 35243 |
| 655 #7 - Termin określający rodzaj/formę | |
| rodzaj/forma | Opracowanie |
| źródło terminu | DBN |
| 9 (RLIN) | 35024 |
| 658 ## - Nazwa określająca cel programu nauczania | |
| główny cel programu nauczania | Historia |
| 658 ## - Nazwa określająca cel programu nauczania | |
| główny cel programu nauczania | Etnologia i antropologia kulturowa |
| 700 1# - Hasło dodatkowe - nazwa osobowa | |
| nazwa osobowa | Pastor, Ludwig von |
| daty biograficzne | (1854-1928). |
| rodzaj współpracy | Redakcja |
| 9 (RLIN) | 40526 |
| 710 2# - Hasło dodatkowe - nazwa ciała zbior. | |
| nazwa ciała zbior. lub nazwa geogr. | Herdersche Verlagsbuchhandlung. |
| rodzaj współpracy | Wydawca |
| kod rodzaju współpracy | pbl |
| 9 (RLIN) | 36009 |
| 800 1# - Hasło dod. op. ks. wielotom.-nazwa os. | |
| nazwa osobowa | Janssen, Johannes |
| daty biograficzne | (1829-1891). |
| tytuł pracy | Geschichte des deutschen Volkes seit dem Ausgang des Mittelalters |
| oznaczenie tomu | Bd. 8 |
| 9 (RLIN) | 40328 |
| 942 ## - ADDED ENTRY ELEMENTS (KOHA) | |
| Source of classification or shelving scheme | Dewey Decimal Classification |
| Koha item type | pozycje dostępne na miejscu |
| Status wycofania | Status zagubienia | Klasyfikacja | Status uszkodzenia | Blokada wypożyczeń | Kolekcja | Lokalizacja macierzysta | Lokalizacja bieżąca | Data nabycia | Numer akcesji | Źródło akcesji | Nr inwentarzowy | il. wypożyczeń | Sygnatura | Kod kreskowy | Date last seen | Price effective from | Typ egz. |
|---|---|---|---|---|---|---|---|---|---|---|---|---|---|---|---|---|---|
| Dewey Decimal Classification | nieuszkodzona | Pracownia Badań Księgozbiorów Historycznych | Biblioteka Instytutu Północnego w Olsztynie | Pracownia Badań Księgozbiorów Historycznych | 25/04/2026 | W-52/1965 | wymiana | 16310/8 | 16310/8 | IPWK16655 | 25/04/2026 | 25/04/2026 | pozycje dostępne na miejscu |